000 00880nam a22002772 4500
001 23434
003 BD-RjUL
005 20211209000929.0
008 140310r19681966enk 001 0 eng
035 _a(BD-RjUL)23499
040 _aDLC
_cKEU
_dEQO
_dBD-RjUL
_beng
041 _aeng
082 _a916
_bJAA
100 1 _aJarrett, Harold Reginald.
_972176
245 1 0 _aAfrica /
_cH. R. Jarrett.
260 _aLondon :
_bMacdonald & Evans,
_cc1966 [reprinted 1968]
300 _axvi, 510 p. :
_bill., maps. ;
_c23 cm.
490 1 _aNew certificate geography series. Advanced level
500 _aImprint covered by label: New York, London, House & Maxwell.
504 _aIncludes bibliography: p. 332-335 and index.
651 0 _aAfrica.
_972177
830 0 _aNew certificate geography series.
_972188
942 _2ddc
_cBK
999 _c23434
_d23434